000 00559nam a2200181Ia 4500
005 20250508150512.0
008 008 250505s9999 xx 000 0 eng d
037 _aTextual
040 _aFEDL
_beng
_cFEDL
041 _aeng
_2eng
084 _a372.5, BRO
_qFEDL
100 _aBrowne Sibyl
_9756838
245 0 _aArt and materials for the schools : Activities to aid the War and the Peace
260 _aNew York, USA
_bProgressive Education Association
_c1943
300 _av,112p
942 _cTEXL
_h372.5, BRO
999 _c1323937
_d1323937